000 00535cam a22002291 4500
001 sa 63003959
003 DLC
005 20260227111945.0
008 940808s1962 ii 000 1 pano
010 _asa 63003959
025 _aPL480:I-Pu-32
035 _a(OCoLC)30906306
040 _aDLC
_cCU
_dCU
_dDLC
042 _apremarc
050 0 0 _aPK2658
_b.S6
100 1 _aSoza, Sa.
245 1 0 _aRaṅga nawelā.
260 _c[1962]
300 _a264 p.
_c19 cm.
500 _aIn Panjabi.
650 0 _aShort stories, Panjabi.
999 _c55389
_d55389